000
00323nam a2200133Ia 4500
008
240624s9999 xx 000 0 und d
041
_a
eng
082
_a
954 KEA
100
_a
KEAY JOHN
245
_a
CHINA A HISTORY
260
_c
2009
_a
New Delhi
_b
HarperCollins
300
_a
xix, : 578 : p. : cm. ; 20
365
_c
RS
_b
25
999
_c
18457
_d
18457